000 00681nam a2200205Ia 4500
003 GCL
008 140319s9999 xx 000 0 ara d
040 _aGCL /
_cGCL
082 0 4 _a908
_bع ص
100 1 _aعبدالحميد على شرف
245 1 0 _aالصراع الكبير بين الشرق والغرب من اجل تطور الصراع عبر 13 قرنا /
_cعبدالحميد على شرف
260 _a[S.N] :
_bدار المعارف ،
_c1992
300 _a187 ص
490 _a
650 0 4 _aالتاريخ الاسلامى
650 0 4 _aالتاريخ
650 0 4 _aالامبراطورية العثمانية
650 0 4 _aالعالم
942 _2ddc
_cBK
999 _c28124
_d28124